Exploraciones espaciales /

Guardado en:
Autor Principal: Whifler, Graeme
Formato: Deslizar
Materias:
Etiquetas: Agregar Etiqueta
Sin Etiquetas, Sea el primero en etiquetar este registro!
LEADER 00851ngm a22002535g 4500
001 CEM.cems021369
008 130507b1991##################0###0#####d
005 20240819175820.0
245 1 0 |a Exploraciones espaciales /  |c Graeme Whifler. 
300 |a 20 
500 |a En soporte VHS, consultar en ventanilla. 
505 0 |a Historia de las exploraciones espaciales. Comentario sobre los viajes norteamericanos. 
538 |a Soporte: VHS - Norma: Pal N - Color - Grabación Drd 1991 - Hitachi=0000 
100 1 |a Whifler, Graeme 
082 6 2 |/ WHI 
653 |a VIAJES ESPACIALES 
653 |a VIAJES 
653 |a ASTRONOMIA 
653 |a HISTORIA 
653 |a HISTORIA MODERNA 
653 |a EXPLORACIONES ESPACIALES 
653 |a NIVEL PRIMARIO 
653 |a NIVEL SECUNDARIO 
859 |a CEMS  |b BIB. CEMS - Depto. Recursos Didacticos  |h 629  |i WHI  |k DRD  |p 12.12  |t Ej.1